Catálogo - Centro de Recursos para el Aprendizaje y la Investigación

Volver al Sitio - CRAI Biblioteca

El Faro a Colón : (Registro nro. 113868)

Detalles MARC
000 -CABECERA
campo de control de longitud fija 00796nam a22002417a 4500
001 - NÚMERO DE CONTROL
campo de control 113868
003 - IDENTIFICADOR DEL NÚMERO DE CONTROL
campo de control DR-UNIBE
005 - FECHA Y HORA DE LA ÚLTIMA TRANSACCIÓN
campo de control 20250827100318.0
008 - DATOS DE LONGITUD FIJA--INFORMACIÓN GENERAL
campo de control de longitud fija 250714b2025 dr ||||| |||| 00| 0 spa d
020 ## - NÚMERO INTERNACIONAL ESTÁNDAR DEL LIBRO
Número Internacional Estándar del Libro 9789945950007
040 ## - FUENTE DE LA CATALOGACIÓN
Centro catalogador/agencia de origen BIBLIOTECA UNIBE
Centro/agencia transcriptor BIBLIOTECA UNIBE
Normas de descripción rda
041 ## - CÓDIGO DE LENGUA
Código de lengua del texto/banda sonora o título independiente spa
082 ## - NÚMERO DE LA CLASIFICACIÓN DECIMAL DEWEY
Número de clasificación RD 720 P849f
100 1# - ENTRADA PRINCIPAL--NOMBRE DE PERSONA
Nombre de persona Portes Lora, César Rafael
Término indicativo de función/relación autor
9 (RLIN) 197283
245 13 - MENCIÓN DE TÍTULO
Título El Faro a Colón :
Resto del título historias y construcción /
Mención de responsabilidad, etc. César Rafael Portes Lora
260 ## - PUBLICACIÓN, DISTRIBUCIÓN, ETC.
Lugar de publicación, distribución, etc. Santo Domingo :
Nombre del editor, distribuidor, etc. [Editor no identificado],
Fecha de publicación, distribución, etc. 2025
300 ## - DESCRIPCIÓN FÍSICA
Extensión 246 páginas :
Otras características físicas ilustraciones
650 ## - PUNTO DE ACCESO ADICIONAL DE MATERIA--TÉRMINO DE MATERIA
Término de materia o nombre geográfico como elemento de entrada Arquitectura
Subdivisión general Historia
9 (RLIN) 1603
650 ## - PUNTO DE ACCESO ADICIONAL DE MATERIA--TÉRMINO DE MATERIA
Término de materia o nombre geográfico como elemento de entrada Arquitectura
Subdivisión general Diseño
9 (RLIN) 31507
653 ## - TÉRMINO DE INDIZACIÓN--NO CONTROLADO
Término no controlado Faro a Colón -- Historia
653 ## - TÉRMINO DE INDIZACIÓN--NO CONTROLADO
Término no controlado Faro a Colón -- Ingeniería y construcción
942 ## - ELEMENTOS DE PUNTO DE ACCESO ADICIONAL (KOHA)
Fuente del sistema de clasificación o colocación Sistema de Clasificación Decimal Dewey
Tipo de ítem Koha Libro (general)
Existencias
Estado de retiro Estado de pérdida Fuente del sistema de clasificación o colocación No para préstamo Código de colección Localización permanente Fecha de adquisición Total de préstamos Signatura topográfica completa Código de barras Fecha visto por última vez Número de copia Precio válido a partir de Tipo de ítem Koha
  Disponible Sistema de Clasificación Decimal Dewey   General - Libros dominicanos Biblioteca Central UNIBE 16/07/2025   RD 720 P849f 250813 16/07/2025 Ej. 1 16/07/2025 Libro (general)